000 00743nam a2200229 a 4500
999 _c10338
_d10338
001 10338
003 BD-JhCC
005 20180424100129.0
008 180424s2012 bg |||| |||| 000 0 ben d
020 _a9789848557143
035 _a(BD-JhCC)10338
040 _aBD-JhCC
_dBD-JhCC
041 _aben
082 _a415
_bARA 2012
100 _aআরা, ড. বেগম জাহান
245 _aপ্রমিত বাংলা উচ্চারণ :
_bবিধি ও রীতি /
_cড. বেগম জাহান আরা
260 _aঢাকা :
_bসূচীপত্র,
_c২০১২.
300 _a৮৮ পৃ. :
_c১৯ সেমি.
650 _aBengali Spelling
650 _aGrammar
942 _2ddc
_cBK